000 00265nam a22001097a 4500
008 170125b xxu||||| |||| 00| 0 eng d
020 _a9780071373777
041 _aeng
080 _215TH
_a61
245 _aHARRISON'S MANUAL OF MEDICINE
_cBRAUNWALD, E
942 _2udc
_cBK
999 _c3690
_d3690